Points communs dans One Piece - Statistiques

Statistiques générales
  • Ce quiz a été pris 186 fois
  • Le résultat moyen est 16 sur 20
Statistiques - réponses
Hint Réponse % Correct
Sabo, Koala et Ivankov Ce sont des Révolutionnaires
92%
Shiraoshi, Vivi et Rebecca Ce sont des princesses
91%
Garp, Smoker et Momonga Ce sont des Vice-Amiraux
89%
Neptune, Doflamingo et Cobra Ils sont ou ont été rois
89%
Katakuri, Marco et Burgess Ce sont des Commandants d'Empereurs
87%
Smoker, Aokiji et Ace Ce sont des utilisateurs de Logia
86%
Law, Barbe-Noire et Crocodile Ils ont été Grands Corsaires
86%
Kaku, Luffy et Doflamingo Ils ont éveillé leur Fruit du Démon
86%
Crocus, Kureha et Gerd Ils sont médecins
85%
Baggy, Mister One et Jinbe Ilsont été enfermés à Impel Down
84%
Barbe-Blanche, Captain John et Stussy Ils ont fait partie de l'équipage des Rocks
83%
Roger, Mihawk et Oden Ce sont des épéistes
82%
Rebecca, Cavendish et Bellamy Ils ont participé au Corrida Colosseum
82%
Yamato, Sengoku et Orochi Ils ont mangé un Zoan mythique
81%
Sengoku, Rayleigh et Mamie Nyon Ils ont pris leur retraite
81%
Vivi, Carot et Kinemon Ils ont fait partie des compagnons d'équipage de Luffy
80%
Leo, Orlumbus et Bartolomeo Ils font partie de l'Armada du Chapeau de Paille
79%
Jinbe, Apoo et Kuma Ce ne sont pas des Humains
76%
Magellan, Big Mom et Kid Ils n'ont jamais été vaincu par Luffy
70%
Shanks, Ace et Zoro Ils utilisent le Haki des rois
59%
Aucun quiz correspondant
Distribution des résultats
% des personnes avec chaque résultat
Percentile par nombre de réponses
Votre historique - résultats
Vous n’avez pas pris ce quiz